| 000 | 00568nam a2200205Ia 4500 | ||
|---|---|---|---|
| 003 | OSt | ||
| 005 | 20250305151420.0 | ||
| 008 | 210210b1977 xxu||||| |||| 00| 0 eng d | ||
| 040 | _cAL | ||
| 041 | _aKannada | ||
| 082 | _a398.2K VIVT | ||
| 100 |
_aVIVEKA RAI (B A). _9142794 _dವಿವೇಕ ರೈ (ಬಿ ಎ) |
||
| 245 |
_aTaulava samskrati. _bತೌಳವ ಸಂಸ್ಕೃತಿ |
||
| 260 |
_aMaisuru. _bSahyadri Prakashana., _c1977 |
||
| 300 | _aviii,136 | ||
| 650 |
_aTulu _9142795 |
||
| 690 |
_aFolklore _9142796 |
||
| 906 | _aSG00165 | ||
| 942 |
_2ddc _cBK |
||
| 999 |
_c111540 _d111540 |
||